00505cam a22001692 4500001001100000005001700011008004100028040001500069100003100084245007800115250001300193260004700206300001200253650003400265650003300299852000300332000000977120151217155844.0081127s xx 000 0 eng d aKABUcKABU1 aLambert, H. E.@000016155110aChi-Jomvu and Ki-Ngare sub-dialects of the Mombasa area /cH. E. Lambert. a1st ed. aKampala :bE. A. Swahili Committee,c1958. a119 p. 0aChijomvu dialect.@0000161552 0aKingare dialect.@00001615531